000 00518nam a22002057a 4500
003 koha_MIRAKIL
005 20241230151454.0
008 231213b |||||||| |||| 00| 0 ||| d
020 _a9786055164706
040 _aTR-IsEVY
_btur
_cTR-IsEVY
082 _a794.1 ÇAP/S
100 _aÇapan, Ozan.
245 0 _aSatranç ülkesinde yolculuk
250 _a1. bs.
260 _bODTÜ Yayıncılık,
_c2014
300 _a40 s.
650 _aChess.
650 _aSatranç.
_vÇocuk Hikayeleri.
942 _2ddc
_cBK
999 _c11997
_d11997